000 nam a22 7a 4500
999 _c9715
_d9715
008 180206b ||||| |||| 00| 0 eng d
100 _aClymer, T etal
_95822
245 _aAcross the fence
260 _bGinn and Com
_c1987